000 00362 a2200145 4500
001 166989
020 _a
040 _cMagnum
100 _aHutchison, David
240 1 0 _aEducacao ecologica: ideias sobre consciencia ambiental
_lpor
245 1 0 _aEducacao ecologica: ideias sobre consciencia ambiental
362 0 _a1899
697 _aECOLOGIA
942 _cBK
999 _c166989
_d166989